Jesus The Muslim Prophet (Record no. 614465)
[ view plain ]
| 000 -LEADER | |
|---|---|
| fixed length control field | 00305nam a22001097a 4500 |
| 040 ## - CATALOGING SOURCE | |
| Transcribing agency | Luna Plena Publication |
| 082 ## - DEWEY DECIMAL CLASSIFICATION NUMBER | |
| Classification number | 297.2 F252 F |
| 100 ## - MAIN ENTRY--PERSONAL NAME | |
| Personal name | Louay Fatoohi |
| 9 (RLIN) | 130123 |
| 245 ## - TITLE STATEMENT | |
| Title | Jesus The Muslim Prophet |
| Remainder of title | History Speaks of a Human Messiah Not a Divine Christ |
| 300 ## - PHYSICAL DESCRIPTION | |
| Extent | 119p. |
| 942 ## - ADDED ENTRY ELEMENTS (KOHA) | |
| Source of classification or shelving scheme | |
| Koha item type | Book |
| Withdrawn status | Lost status | Source of classification or shelving scheme | Damaged status | Not for loan | Permanent Location | Current Location | Date acquired | Total Checkouts | Full call number | Barcode | Date last seen | Price effective from | Koha item type |
|---|---|---|---|---|---|---|---|---|---|---|---|---|---|
| School of Chemical & Materials Engineering (SCME) | School of Chemical & Materials Engineering (SCME) | 07/24/2025 | 297.2 F252 F | SCME-D284 | 07/24/2025 | 07/24/2025 | Book |
